000 01757nam a2200325 a 4500
001 ASIN1741798515
005 20170105102926.0
008 131211s2012 xxu eng d
020 _a1741798515 (paperback)
_c$25.99
020 _a9781741798517 (paperback)
040 _a0
082 _a914.50499312 ITL 2012
100 1 _aHardy, Paula.
245 0 0 _aLonely planet italy /
_cPaula Hardy, Alison Bing, Abigail Blasi, Cristian Bonetto, Kerry Christiani, Gregor Clark, Joe Fullman, Duncan Garwood, Robert Landon, Vesna Maric.
250 _a10th ed.
260 _a[S.l.] :
_bLonely Planet,
_c2012.
300 _a968 p. ;
_c20 cm.
520 _aLonely Planet's #1 selling European country guide! Visitors to Italy are bombarded by sights, scenes and flavors – palaces and museums overflowing with art, Renaissance gardens, gourmet food markets. Come enjoy the vita bella (beautiful life). This full-color guide with 3D illustrations of major highlights and insightful features on seasonal and regional food and outdoor activities is essential for those wanting to see the best Italy has to offer! 15 authors, 13 volcanoes, 7600km of coastline and hundreds of Renaissance masterpieces Inspirational photos, pull-out city map, 3D plans of iconic sights, comprehensive planning tools, special Eat & Drink Like a Local feature and in-depth background.
700 1 _aBing, Alison.
700 1 _aBlasi, Abigail.
700 1 _aBonetto, Cristian.
700 1 _aChristiani, Kerry.
700 1 _aClark, Gregor.
700 1 _aFullman, Joe.
700 1 _aGarwood, Duncan.
700 1 _aLandon, Robert.
700 1 _aMaric, Vesna.
856 4 0 _3Amazon.com
_uhttp://www.amazon.com/exec/obidos/ASIN/1741798515/chopaconline-20
942 _2ddc
_cBK
999 _c15812
_d15812